000
00363nam a2200157Ia 4500
008
200601s9999 xx 000 0 und d
020
_a
0-440-93574-1
050
_a
FIC AI2h
050
_b
1968
100
_a
Alexander, Lloyd
245
4
_a
The High King /
260
_a
New York :
260
_b
Laurel Leaf Books.
260
_c
1968
300
_a
286 pages :
999
_c
363458
_d
363458